[Event "Premier Quad, S50119"]
[Site "CCLA"]
[Date "2015.03.23"]
[Round "?"]
[White "Pronovost, David"]
[Black "Hansen, Michael"]
[Result "1-0"]
[WhiteElo "1865"]
[BlackElo "1754"]

1. c4 Nf6 2. Nc3 e6 3. Nf3 d5 4. d4 Bb4 5. e3 Ne4 6. Qc2 O-O 7. Bd3 Bxc3+ 
8. bxc3 f5 9. O-O c5 10. cxd5 exd5 11. dxc5 Nc6 12. Rd1 Qa5 13. Rb1 Qxc5 
14. Rb5 Qe7 15. Rxd5 Be6 16. Rb5 a6 17. Rb1 Rfd8 18. Nd4 Nxd4 19. exd4 
Rac8 20. Bxe4 fxe4 21. Qxe4 Qd6 22. Qxb7 Rxc3 23. Bg5 Bd5 24. Qb6 Qxb6 25.
 Rxb6 Ra8 26. h4 Bxa2 27. d5 Rb3 28. Rc6 h6 29. Bf4 Rb1 30. Rxb1 Bxb1 31. 
d6 Ra7 32. Be3 Ra8 33. Bd4 Rd8 34. Rxa6 1-0

[Event "Winter Series, S50021"]
[Site "CCLA"]
[Date "2015.01.28"]
[Round "?"]
[White "Havrilla, Mark"]
[Black "Fausey, Verna M."]
[Result "1-0"]
[WhiteElo "1857"]
[BlackElo "1718"]

1. d4 d5 2. Nf3 Nf6 3. c4 e6 4. Nc3 Bb4 5. Qb3 c5 6. dxc5 Nc6 7. Bg5 d4 8.
 O-O-O Bxc5 9. e3 b6 10. exd4 Bxd4 11. Qa4 e5 12. Qxc6+ Bd7 13. Bxf6 gxf6 
14. Qd6 Bxc3 15. bxc3 Qe7 16. Qxe7+ Kxe7 17. Be2 Rhg8 18. g3 Rac8 19. Rhe1
Be6 20. Kb2 Bxc4 21. Bxc4 Rxc4 22. Rd4 Rc5 23. Rd3 Rgc8 24. Nd2 Rd8 25. 
Rxd8 Kxd8 26. Ne4 Rc6 27. g4 a6 28. Rd1+ Ke7 29. Ng3 1-0

[Event "Premier Quad, S50099"]
[Site "CCLA"]
[Date "2015.03.09"]
[Round "?"]
[White "Hayward, Clark W."]
[Black "Fausey, Verna M."]
[Result "1-0"]
[WhiteElo "1909"]
[BlackElo "1718"]

1. Nf3 Nf6 2. c4 c5 3. Nc3 Nc6 4. d4 d5 5. e3 e6 6. a3 a6 7. cxd5 exd5 8. 
Be2 Be7 9. O-O O-O 10. b3 b6 11. Bb2 Bb7 12. Qc2 Qc7 13. Nd2 Nd7 14. Nxd5 
Nxd4 15. Nxe7+ Kh8 16. Bxd4 Rfe8 17. Nf5 f6 18. Bb2 Rad8 19. Bf3 Bxf3 20. 
Nxf3 b5 21. Rfd1 g6 22. Nd6 Re7 23. Ne4 Kg7 24. Rxd7 Rexd7 25. Nxf6 1-0

[Event "2015 NA Class B Ch Finals, S50189"]
[Site "CCLA"]
[Date "2015.04.27"]
[Round "?"]
[White "Disque, Philip"]
[Black "Avery, Bryce"]
[Result "1-0"]
[WhiteElo "1603"]
[BlackElo "1668"]

1. Nf3 Nf6 2. c4 c5 3. Nc3 d5 4. cxd5 Nxd5 5. d4 e6 6. e4 Nxc3 7. bxc3 Nc6
8. d5 exd5 9. exd5 Ne7 10. d6 Nf5 11. Bb5+ Bd7 12. Qe2+ Be7 13. dxe7 Qxe7 
14. Bxd7+ Kxd7 15. Qxe7+ Kxe7 16. O-O Rhd8 17. Re1+ Kf8 18. Ba3 Rac8 19. 
Rad1 b6 20. Kf1 g6 21. Rxd8+ Rxd8 22. Ke2 Nd6 23. Rd1 Ke7 24. Bc1 c4 25. 
Ba3 h5 26. Ne5 1-0

[Event "2015 Server Team Ch - Div 1, S51999"]
[Site "CCLA"]
[Date "2015.10.30"]
[Round "?"]
[White "Blake, Michael J."]
[Black "Beckett, Phillip J."]
[Result "1/2-1/2"]
[WhiteElo "2190"]
[BlackElo "1960"]
[Board "6"]
[WhiteTeam "Gustafson Winners"]
[BlackTeam "SchemingMind B"]

1. d4 d5 2. c4 e6 3. Nc3 Nf6 4. cxd5 Nxd5 5. e4 Nxc3 6. bxc3 c5 7. Nf3 
cxd4 8. cxd4 Bb4+ 9. Bd2 Bxd2+ 10. Qxd2 O-O 11. Bc4 Nc6 12. O-O b6 13. 
Rac1 Bb7 14. d5 exd5 15. Bxd5 Rc8 16. Rfd1 Qf6 17. e5 Qe7 18. Qg5 Qxg5 19.
 Nxg5 h6 20. Ne4 Na5 21. Rxc8 Rxc8 22. Nd6 Rc7 23. Bxf7+ Rxf7 24. Nxf7 
Kxf7 25. Rd7+ Ke6 26. Rxg7 Kxe5 27. Rh7 Bd5 28. Rxa7 Bxa2 29. Ra6 Bd5 30. 
Rxb6 h5 31. f3 Nc4 32. Rh6 Bf7 33. Kf2 Nd6 34. f4+ Kd5 35. h3 Nf5 36. Rf6 
Be6 37. g3 Nd4 38. Kg2 Nf5 39. Rg6 Bf7 40. Ra6 Ke4 41. Kf2 Nd4 42. Rh6 Nb5
43. Rf6 Bd5 44. Rg6 Nc3 45. Rg5 Kd4 46. Rxh5 Ne4+ 47. Kf3 Nf6+ 48. Rxd5+ 
Kxd5 49. g4 Ke6 1/2-1/2

[Event "2015 REGULAR QUAD, S50379"]
[Site "CCLA"]
[Date "2015.08.20"]
[Round "?"]
[White "Hodgkins, Neil C."]
[Black "Smiley, William R."]
[Result "0-1"]
[WhiteElo "1433"]
[BlackElo "1613"]

1. d4 d5 2. c4 c6 3. Nf3 Nf6 4. Nc3 e6 5. Bg5 Nbd7 6. e3 Be7 7. Be2 O-O 8.
 O-O h6 9. Bh4 dxc4 10. Bxc4 Nd5 11. Bxe7 Qxe7 12. a3 N7f6 13. Re1 Bd7 14.
 Qc2 Rac8 15. Rad1 b5 16. Bd3 a6 17. Ne5 Rfd8 18. Qc1 Be8 19. e4 Nxc3 20. 
Qxc3 c5 21. dxc5 Rxc5 22. Qb4 Qc7 23. f4 Rc8 24. g3 Nh7 25. Nf3 Qb6 26. 
Kg2 Nf6 27. e5 Nd5 28. Qd4 Qd8 29. Nd2 Nxf4+ 30. Qxf4 Qxd3 31. Ne4 Rc2+ 
32. Kg1 Qb3 33. Rc1 Qxb2 34. Rxc2 Rxc2 35. Nf2 Qxa3 36. Rd1 Rc4 37. Rd3 
Qxd3 38. Nxd3 Rxf4 39. gxf4 a5 40. Kf1 b4 41. Ke1 b3 42. Kd2 a4 43. Kc3 
Kf8 44. Kb2 Ke7 45. Nc5 f6 46. Ne4 fxe5 47. fxe5 Bc6 48. Nc5 g5 49. Nd3 h5
50. Ka3 g4 51. Nf4 Be8 52. Kb2 h4 53. Ng2 h3 54. Ne3 g3 0-1

[Event "Winter Series, S50031"]
[Site "CCLA"]
[Date "2015.01.28"]
[Round "?"]
[White "Greco, Tom"]
[Black "Lines, Daniel"]
[Result "1-0"]
[WhiteElo "1641"]
[BlackElo "1419"]

1. d4 d5 2. c4 e6 3. Nc3 Nf6 4. Bg5 Be7 5. e3 c6 6. Nf3 h6 7. Bh4 O-O 8. 
Qc2 Nbd7 9. Rd1 Nh7 10. Bxe7 Qxe7 11. Bd3 Ndf6 12. O-O Rd8 13. Ne5 b6 14. 
Nxc6 Qc7 15. Nxd8 Qxd8 16. c5 bxc5 17. dxc5 Qc7 18. Bxh7+ Nxh7 19. b4 Nf6 
20. e4 Qc6 21. exd5 Nxd5 22. Nxd5 exd5 23. Rd4 Ba6 24. Rfd1 Rd8 25. a4 Bc4
26. b5 Qe6 27. Rxc4 Qe7 28. Rcd4 Qe6 29. c6 1-0

[Event "2015 Server Team Ch - Div 1, S51999"]
[Site "CCLA"]
[Date "2015.10.30"]
[Round "?"]
[White "Waller, Anthony"]
[Black "Reinhart, Kenneth M."]
[Result "0-1"]
[WhiteElo "2238"]
[BlackElo "2466"]
[Board "1"]
[WhiteTeam "SchemingMind B"]
[BlackTeam "Gustafson Winners"]

1. d4 d5 2. c4 e6 3. Nf3 Nf6 4. Nc3 c6 5. Bg5 h6 6. Bh4 dxc4 7. e4 g5 8. 
Bg3 b5 9. Be2 Bb7 10. O-O Nbd7 11. Ne5 h5 12. Nxd7 Qxd7 13. Qc1 Rg8 14. 
Rd1 h4 15. Be5 Qe7 16. h3 g4 17. Bxf6 Qxf6 18. Bxg4 O-O-O 19. e5 Qh6 20. 
Qc2 Rxg4 21. hxg4 h3 22. Qd2 Qh4 23. Qf4 Bh6 24. Qf3 hxg2 25. Kxg2 c5 26. 
d5 Bg7 27. Qf4 f5 28. exf6 Qxf6 29. Qxf6 Bxf6 30. Rab1 b4 31. Ne4 Bd4 32. 
f3 exd5 33. Ng3 Be3 34. Rh1 d4 35. Rh5 d3 36. Nf5 Bd2 37. Ng3 Rd5 38. Nf5 
Rd7 39. Kf2 c3 40. bxc3 bxc3 41. Rb5 Kb8 42. Rxc5 a5 43. Rh1 c2 44. Ne3 
Rc7 45. Rh8+ Bc8 46. Rb5+ Ka7 47. Rh1 Re7 48. Nxc2 dxc2 49. Rb2 c1=Q 50. 
Rxc1 Bxc1 51. Rc2 Be3+ 52. Kg3 Bb7 53. Rc3 Bd2 54. Rb3 Be1+ 55. Kf4 Rf7+ 
56. Kg5 Rxf3 0-1

[Event "2015 Server Team Ch - Div 1, S51999"]
[Site "CCLA"]
[Date "2015.10.30"]
[Round "?"]
[White "Delaney, Alan"]
[Black "Sherwood, Helen"]
[Result "1/2-1/2"]
[WhiteElo "2182"]
[BlackElo "2303"]
[Board "2"]
[WhiteTeam "SchemingMind B"]
[BlackTeam "BCCA Rooks"]

1. d4 d5 2. c4 c6 3. Nf3 Nf6 4. Nc3 e6 5. Bg5 h6 6. Bh4 dxc4 7. e4 g5 8. 
Bg3 b5 9. Be2 Bb7 10. O-O Nbd7 11. Ne5 Bg7 12. Nxd7 Nxd7 13. Bd6 a6 14. a4
b4 15. Bxb4 Qb6 16. Ba3 Qxd4 17. a5 Qxd1 18. Raxd1 c5 19. Bxc4 Bd4 20. Rd2
Ne5 21. Bb3 O-O 22. Ne2 1/2-1/2

[Event "2015 Server Team Ch - Div 1, S51999"]
[Site "CCLA"]
[Date "2015.10.30"]
[Round "?"]
[White "Anderson, Aaron J."]
[Black "Sherwood, Helen"]
[Result "1/2-1/2"]
[WhiteElo "2174"]
[BlackElo "2303"]
[Board "2"]
[WhiteTeam "Gustafson Winners"]
[BlackTeam "BCCA Rooks"]

1. d4 d5 2. c4 c6 3. Nf3 Nf6 4. Nc3 e6 5. Bg5 h6 6. Bh4 dxc4 7. e4 g5 8. 
Bg3 b5 9. Be2 Bb7 10. O-O Nbd7 11. Ne5 h5 12. Nxd7 Qxd7 13. Be5 Rh6 14. 
Qc1 Ng4 15. Bxg4 hxg4 16. Qxg5 Rg6 17. Qf4 O-O-O 18. Rfd1 b4 19. Ne2 c5 
20. a3 c3 21. bxc3 b3 22. Qe3 c4 23. d5 Bd6 24. Bxd6 Qxd6 25. Rd4 Qc7 26. 
Rad1 e5 27. R4d2 Qb6 28. Qg3 Qd6 29. a4 Rh8 30. Qe3 Qb6 31. Qg3 Rh5 32. 
Ra1 a5 33. Qe3 Qxe3 34. fxe3 Kd7 35. Ng3 Rh7 36. Nf5 Bc8 37. g3 Rf6 38. 
Rb2 1/2-1/2

[Event "2015 Server Team Ch - Div 1, S51999"]
[Site "CCLA"]
[Date "2015.10.30"]
[Round "?"]
[White "Wilkinson, James P."]
[Black "Sherwood, Helen"]
[Result "1/2-1/2"]
[WhiteElo "2210"]
[BlackElo "2303"]
[Board "2"]
[WhiteTeam "BCCA Kings"]
[BlackTeam "BCCA Rooks"]

1. d4 d5 2. c4 c6 3. Nf3 Nf6 4. Nc3 e6 5. Bg5 h6 6. Bh4 dxc4 7. e4 g5 8. 
Bg3 b5 9. Be2 Bb7 10. h4 g4 11. Ne5 Nbd7 12. Nxd7 Qxd7 13. Be5 Qe7 14. O-O
Rg8 15. b3 b4 16. Na4 c3 17. Qd3 Nd7 18. Bg3 h5 19. a3 a5 20. Rfd1 Rg6 21.
 Qc2 e5 22. dxe5 Nxe5 23. Nb6 Rd8 24. Nc4 Rxd1+ 25. Rxd1 Bg7 26. axb4 axb4
27. Ne3 Bc8 28. Qa2 1/2-1/2

[Event "2015 Server Team Ch - Div 1, S51999"]
[Site "CCLA"]
[Date "2015.10.30"]
[Round "?"]
[White "Laine, Jari"]
[Black "Merrell, William S."]
[Result "0-1"]
[WhiteElo "2223"]
[BlackElo "2258"]
[Board "5"]
[WhiteTeam "Gustafson Winners"]
[BlackTeam "Paul Morphy's Hair"]

1. d4 d5 2. c4 c6 3. Nf3 Nf6 4. Nc3 e6 5. Bg5 h6 6. Bxf6 Qxf6 7. e3 Nd7 8.
 Bd3 dxc4 9. Bxc4 g6 10. O-O Bg7 11. Re1 O-O 12. e4 e5 13. d5 Rd8 14. Re3 
b5 15. dxc6 bxc4 16. Nd5 Qe6 17. cxd7 Rxd7 18. Qa4 Bb7 19. Qxc4 Rc8 20. 
Qb3 Bxd5 21. exd5 Rxd5 22. Rae1 Qd6 23. h4 Rb8 24. Qc2 f5 25. Rb3 Rd8 26. 
Nh2 e4 27. h5 gxh5 28. Nf1 Kh7 29. Qe2 h4 30. Rh3 Qg6 31. Rxh4 Rd3 32. Rh2
Bd4 33. Kh1 Rb8 34. b3 Rb7 35. g3 Rc7 36. Rg2 Bb6 37. Kg1 Rcc3 38. Kh1 h5 
39. Rh2 Kg7 40. f4 Kh6 41. Rd1 Rf3 42. Qd2 Rcd3 43. Qc2 Rxf4 44. Rc1 Rff3 
45. Qc8 Rd8 46. Qb7 Qf6 0-1

[Event "2015 REGULAR QUAD, S50379"]
[Site "CCLA"]
[Date "2015.08.20"]
[Round "?"]
[White "Tarrant, Johnny L."]
[Black "Smiley, William R."]
[Result "0-1"]
[WhiteElo "1154"]
[BlackElo "1613"]

1. d4 d5 2. Nf3 c6 3. c4 Nf6 4. Nc3 dxc4 5. a4 e6 6. Bg5 Be7 7. e3 Nbd7 8.
 Bxc4 O-O 9. O-O h6 10. Qc2 hxg5 11. e4 Re8 12. Rfe1 g4 13. Ng5 Nf8 14. e5
Nd5 15. Nxd5 cxd5 16. Bb5 Bd7 17. Bd3 Bxg5 18. b3 Rc8 0-1

[Event "Summer Series, S50311"]
[Site "CCLA"]
[Date "2015.07.25"]
[Round "?"]
[White "Greco, Tom"]
[Black "Blankenship, Jerry T."]
[Result "0-1"]
[WhiteElo "1641"]
[BlackElo "1527"]

1. d4 d5 2. c4 c6 3. Nc3 Nf6 4. Nf3 e6 5. Bg5 dxc4 6. e4 b5 7. e5 h6 8. 
Bh4 g5 9. Nxg5 hxg5 10. Bxg5 Nbd7 11. g3 Qb6 12. exf6 Bb7 13. Bg2 O-O-O 
14. O-O c5 15. d5 b4 16. Ne2 exd5 17. Bxd5 Bxd5 18. Qxd5 Rh7 19. Qxc4 Qb7 
20. Qf4 Re8 21. Qf5 Rh8 22. Rfe1 Qa6 23. Rad1 Qc6 24. Rd5 Qe6 25. Qxe6 
Rxe6 26. Rf5 Re5 27. Rxe5 Nxe5 28. Kg2 Rxh2+ 29. Kxh2 Nf3+ 30. Kh3 Nxe1 
31. b3 Kd7 32. Kg4 Ke6 33. f4 Nd3 34. Kf3 Kd5 35. Ke3 c4 36. g4 Bc5+ 37. 
Kf3 Ne1+ 38. Kg3 c3 39. f5 Ke4 40. Nc1 c2 41. Bd2 Nf3 42. Bh6 Be3 43. Bxe3
Kxe3 44. Kg2 Kd2 45. Kxf3 Kxc1 46. g5 Kb2 47. g6 c1=Q 48. g7 Qc8 49. Kg4 
Kxa2 50. Kg5 Kxb3 51. Kh6 Qg8 0-1

[Event "Summer Series, S50311"]
[Site "CCLA"]
[Date "2015.07.25"]
[Round "?"]
[White "Blankenship, Jerry T."]
[Black "Greco, Tom"]
[Result "0-1"]
[WhiteElo "1527"]
[BlackElo "1641"]

1. d4 d5 2. c4 e6 3. Nc3 c6 4. Nf3 Nf6 5. Bg5 dxc4 6. e4 b5 7. e5 h6 8. 
Bh4 g5 9. Nxg5 hxg5 10. Bxg5 Nbd7 11. g3 Bb7 12. Bg2 Qb6 13. exf6 O-O-O 
14. Qg4 c5 15. Bxb7+ Qxb7 16. O-O-O cxd4 17. Qxd4 a6 18. Ne4 Qb6 19. h4 
Nc5 0-1

[Event "Premier Quad, S50249"]
[Site "CCLA"]
[Date "2015.05.29"]
[Round "?"]
[White "Tripp, Glenn"]
[Black "Beavan, Robert"]
[Result "1/2-1/2"]
[WhiteElo "2009"]
[BlackElo "1969"]

1. d4 c6 2. c4 d5 3. Nc3 e6 4. e3 Bd6 5. Nf3 Nf6 6. b3 O-O 7. Bd3 Nbd7 8. 
O-O Re8 9. Bb2 e5 10. dxe5 Nxe5 11. Nxe5 Bxe5 12. h3 Ne4 13. Bxe4 dxe4 14.
 Qxd8 Rxd8 15. Rfd1 Bf5 16. Na4 Bxb2 17. Nxb2 b5 18. Rxd8+ Rxd8 19. a4 a6 
1/2-1/2

[Event "2015 Server Team Ch - Div 1, S51999"]
[Site "CCLA"]
[Date "2015.10.30"]
[Round "?"]
[White "Zaas, Donald"]
[Black "Rivas Maceda, Juan"]
[Result "1/2-1/2"]
[WhiteElo "2262"]
[BlackElo "2376"]
[Board "2"]
[WhiteTeam "Paul Morphy's Hair"]
[BlackTeam "SchemingMind A"]

1. d4 d5 2. c4 c6 3. Nf3 Nf6 4. Nc3 e6 5. e3 Nbd7 6. Qc2 a6 7. b3 Bd6 8. 
Bb2 b6 9. Bd3 Bb7 10. O-O O-O 11. Rad1 Qc7 12. e4 dxc4 13. bxc4 e5 14. c5 
bxc5 15. dxe5 Nxe5 16. Nxe5 Bxe5 17. h3 Bc8 18. Na4 Bxb2 19. Qxb2 c4 20. 
Bxc4 Nxe4 21. Qb6 Qxb6 22. Nxb6 Ra7 23. Rfe1 Nc5 24. Re5 Nd7 25. Nxc8 Nxe5
26. Nxa7 Nxc4 27. Rc1 Na3 28. Rxc6 1/2-1/2

[Event "Premier Quad, S50079"]
[Site "CCLA"]
[Date "2015.03.04"]
[Round "?"]
[White "Vaughan, James"]
[Black "Maier, Bill"]
[Result "1-0"]
[WhiteElo "2296"]
[BlackElo "1972"]

1. c4 Nf6 2. d4 c6 3. Nc3 d5 4. e3 e6 5. Nf3 Nbd7 6. Qc2 Bd6 7. cxd5 exd5 
8. Bd3 O-O 9. O-O Re8 10. Re1 Nf8 11. h3 Bd7 12. Bd2 Rc8 13. a3 a5 14. Qb1
g6 15. b4 axb4 16. axb4 Ra8 17. Rxa8 Qxa8 18. b5 Ne6 19. Ne5 Nc7 20. f4 
Nxb5 21. Nxd7 Nxd7 22. Bxb5 cxb5 23. Qxb5 Nf6 24. Nxd5 Ne4 25. Ba5 Rc8 26.
 Nb6 1-0

[Event "2015 Server Team Ch - Div 2"]
[Site "CCLA"]
[Date "2015.10.30"]
[Round "?"]
[White "Abbey, William"]
[Black "Huff, David C."]
[Result "1-0"]
[WhiteElo "1923"]
[BlackElo "1857"]
[Board "5"]
[WhiteTeam "Queen & Knights"]
[BlackTeam "SchemingMind C"]

1. d4 d5 2. c4 c6 3. Nc3 Nf6 4. e3 e6 5. Nf3 Nbd7 6. Qc2 Bd6 7. Bd3 O-O 8.
 O-O dxc4 9. Bxc4 e5 10. Rd1 exd4 11. Nxd4 Qc7 12. h3 Nc5 13. b3 b5 14. 
Bxb5 cxb5 15. Ncxb5 Bh2+ 16. Kh1 Qb8 17. Ba3 Bd7 18. Bxc5 Rc8 19. Na3 Be5 
20. Rac1 Qb7 21. Nf5 Rc7 22. Ne7+ Kh8 23. b4 Ne4 24. Nc4 Ba4 25. Qxa4 
Nxf2+ 26. Kg1 Nxd1 27. Nxe5 Rxe7 28. Bxe7 Qxe7 29. Nc4 Nb2 30. Qc6 Rg8 31.
 Nxb2 Qxe3+ 32. Kh1 Qa3 33. Qc3 Qxa2 34. Qd4 f6 35. Nc4 Rb8 36. Nd6 h6 37.
 b5 Qe6 38. Rc7 Ra8 39. Qf4 Qe1+ 40. Kh2 Qe6 41. Qg3 Rg8 42. Rxa7 Qd5 43. 
b6 f5 44. b7 f4 45. Qxf4 Kh7 46. Nf5 Rb8 47. Qxb8 Qxf5 48. Qg3 1-0

[Event "2015 Server Team Ch - Div 1, S51999"]
[Site "CCLA"]
[Date "2015.10.30"]
[Round "?"]
[White "Merrell, William S."]
[Black "Parente, Antonio"]
[Result "1-0"]
[WhiteElo "2258"]
[BlackElo "2081"]
[Board "5"]
[WhiteTeam "Paul Morphy's Hair"]
[BlackTeam "SchemingMind B"]

1. d4 d5 2. c4 c6 3. Nf3 Nf6 4. Nc3 e6 5. e3 Nbd7 6. Qc2 Bd6 7. Bd3 O-O 8.
 O-O dxc4 9. Bxc4 a6 10. Rd1 b5 11. Bd3 Qc7 12. Bd2 c5 13. Ne4 c4 14. Nxd6
Qxd6 15. Be2 Bb7 16. b3 Rfc8 17. Qb2 Bd5 18. Rac1 Ne4 19. Be1 f6 20. Ba5 
cxb3 21. axb3 b4 22. Re1 Nc3 23. Bf1 Bxf3 24. gxf3 Nb6 25. Qd2 Nbd5 26. e4
Nf4 27. Bxb4 Qxb4 28. Qxf4 Qxd4 29. Bc4 Re8 30. Ra1 Nb5 31. Qg4 Qd6 32. 
Red1 Qe7 33. h4 Kh8 34. Rxa6 Rxa6 35. Bxb5 Raa8 36. Bxe8 Rxe8 37. Rc1 g6 
38. Qf4 e5 39. Qe3 Rg8 40. Kg2 g5 41. h5 Qd6 42. Qe2 Qd7 43. Qa6 Rf8 44. 
Rc6 Kg7 45. Qb6 Rf7 46. Rd6 Qc8 47. b4 g4 48. Qe3 Qf8 49. Rb6 gxf3+ 50. 
Qxf3 Kh6 51. b5 Qh8 52. Qe3+ Kxh5 53. Qh3+ Kg6 54. f4 exf4 55. Qg4+ Kh6 
56. Qxf4+ Kg6 57. e5 Qa8+ 58. Kg3 1-0

[Event "2015 NA Server Ch (CCLA Rules), S50169"]
[Site "CCLA"]
[Date "2015.04.27"]
[Round "?"]
[White "Shnaiderman, Lazar"]
[Black "Lewis, James W."]
[Result "1-0"]
[WhiteElo "2043"]
[BlackElo "1993"]

1. d4 d5 2. c4 e6 3. Nf3 c6 4. e3 Nf6 5. Nc3 Nbd7 6. Qc2 Bd6 7. Bd3 O-O 8.
 O-O dxc4 9. Bxc4 b5 10. Be2 Bb7 11. Rd1 Qc7 12. e4 e5 13. Bg5 exd4 14. 
Rxd4 Ne5 15. Bxf6 gxf6 16. g3 Bc5 17. Rd2 Rfd8 18. Nxe5 fxe5 19. Rad1 Bb6 
20. Bg4 Rd4 21. Ne2 Rxd2 22. Qxd2 Qd8 23. Qc2 Qf6 24. Bf5 Rd8 25. Rxd8+ 
Qxd8 26. Kg2 Qd6 27. Ng1 c5 28. Qe2 c4 29. Qg4+ Kf8 30. Bxh7 Qd4 31. Qg8+ 
Ke7 32. Qg5+ Ke6 33. Bf5+ Kd6 34. Qf6+ Kc5 35. Nf3 Bxe4 36. Bxe4 Qxe4 37. 
Qe7+ Kc6 38. Qxf7 Bd4 39. Qe6+ Kb7 40. Qe7+ Ka6 41. Qa3+ Kb6 42. Qd6+ Qc6 
43. Qxc6+ Kxc6 44. Nxd4+ exd4 45. Kf3 c3 46. bxc3 dxc3 47. Ke3 b4 48. Kd3 
Kb5 49. f4 Ka4 50. f5 Ka3 51. f6 Kb2 52. f7 c2 53. f8=Q c1=Q 54. Qxb4+ 
Kxa2 55. Qc4+ 1-0

[Event "2015 Server Team Ch - Div 1, S51999"]
[Site "CCLA"]
[Date "2015.10.30"]
[Round "?"]
[White "Duchardt, Alexandre"]
[Black "Merrell, William S."]
[Result "1/2-1/2"]
[WhiteElo "2290"]
[BlackElo "2258"]
[Board "5"]
[WhiteTeam "SchemingMind A"]
[BlackTeam "Paul Morphy's Hair"]

1. d4 d5 2. c4 c6 3. Nf3 Nf6 4. Nc3 e6 5. e3 Nbd7 6. Qc2 Bd6 7. Bd3 O-O 8.
 O-O dxc4 9. Bxc4 b5 10. Be2 Bb7 11. Rd1 Qc7 12. e4 e5 13. Bg5 exd4 14. 
Rxd4 Ne5 15. g3 Bc5 16. Rd2 Nfg4 17. Nd1 Bb6 18. Nd4 f6 19. Bf4 Rfd8 20. 
Nf5 g5 21. Nde3 Nxe3 22. Bxe3 Bxe3 23. Rxd8+ Rxd8 24. Nxe3 c5 25. a4 a6 
26. b3 Rd4 27. Nd5 Bxd5 28. exd5 Rxd5 29. axb5 axb5 30. Bxb5 Kg7 31. Be2 
Qd7 32. Qe4 Rd4 1/2-1/2

[Event "2015 Server Team Ch - Div 1, S51999"]
[Site "CCLA"]
[Date "2015.10.30"]
[Round "?"]
[White "Batchelor, Paul A."]
[Black "Zaas, Peter S."]
[Result "1/2-1/2"]
[WhiteElo "2216"]
[BlackElo "2333"]
[Board "3"]
[WhiteTeam "BCCA Kings"]
[BlackTeam "Paul Morphy's Hair"]

1. d4 d5 2. c4 c6 3. Nc3 Nf6 4. e3 e6 5. Nf3 Nbd7 6. Bd3 dxc4 7. Bxc4 b5 
8. Bd3 a6 9. e4 c5 10. d5 Qc7 11. O-O Bb7 12. dxe6 fxe6 13. Bc2 Bd6 14. 
Ng5 Nf8 15. f4 O-O-O 16. Qe2 h6 17. Nf3 Bxf4 18. e5 Bxf3 19. Qxf3 Bxe5 20.
 Qa8+ Kd7 21. Qxa6 Bxh2+ 22. Kh1 b4 23. Nb5 Qe5 24. Rf3 Bg3 25. Be3 Qh5+ 
26. Kg1 Qh2+ 27. Kf1 Ke8 28. Qc6+ Kf7 29. Bg1 Qh4 30. Qxc5 g5 31. Qe3 Bb8 
32. Nd4 Ba7 33. Rd1 Rxd4 34. Rxd4 Bxd4 35. Qxd4 Qxd4 36. Bxd4 Nd7 37. Bb3 
Rc8 38. Rf5 Rc1+ 39. Ke2 Ke7 40. Rb5 e5 41. Bxe5 Nxe5 42. Rxe5+ Kd7 43. 
Rb5 Rb1 44. Kf3 Rf1+ 45. Ke3 Rf4 1/2-1/2

[Event "Winter Series, S50061"]
[Site "CCLA"]
[Date "2015.01.28"]
[Round "?"]
[White "Perry, William E."]
[Black "Ritzmann, Andrew M."]
[Result "1-0"]
[WhiteElo "1440"]
[BlackElo "1333"]

1. d4 d5 2. c4 e6 3. Nc3 Nf6 4. Bg5 g6 5. cxd5 exd5 6. e3 Bg7 7. Nf3 O-O 
8. Bd3 Bf5 9. Bxf5 gxf5 10. Qd3 Nc6 11. Qxf5 Nb4 12. a3 Nc6 13. Bxf6 Qxf6 
14. Qxf6 Bxf6 15. Nxd5 Bg7 16. Nxc7 Rad8 17. O-O b6 18. Rac1 Ne7 19. Nb5 
a6 20. Nc3 b5 21. Ne4 Rc8 22. b4 Ra8 23. Rc7 Rfe8 24. Nd6 Red8 25. Rxe7 
Rxd6 26. Rc1 Bf8 27. Rb7 Rad8 28. Rcc7 Rf6 29. Kf1 Bd6 30. Rc6 Kg7 31. Ke2
Kg6 32. g3 Kf5 33. Nd2 Ra8 34. Rbb6 Be7 35. Nb3 h5 36. Rxf6+ Bxf6 37. Kf3 
h4 38. Nc5 a5 39. Ra6 Rxa6 40. Nxa6 axb4 41. axb4 Be7 42. e4+ Kg5 43. 
gxh4+ Kxh4 44. Ke3 Kh3 45. f4 Kxh2 46. d5 f6 47. e5 fxe5 48. fxe5 Bg5+ 49.
 Ke4 Kg3 50. d6 Bf4 51. d7 Bg5 52. e6 Kg4 53. Kd5 Be7 54. Kc6 Kf5 55. Nc5 
Kf6 56. Kxb5 Ke5 57. Kc6 1-0

[Event "2015 NA Class B Ch Finals, S50189"]
[Site "CCLA"]
[Date "2015.04.27"]
[Round "?"]
[White "Jarmuz, Frederick"]
[Black "Stevenson, Wayne"]
[Result "1-0"]
[WhiteElo "1945"]
[BlackElo "1702"]

1. d4 e6 2. c4 d5 3. Nc3 Nf6 4. Bg5 h6 5. Bxf6 Qxf6 6. cxd5 exd5 7. Nxd5 
Qd6 8. e4 Be6 9. Nc3 Be7 10. Nf3 Qb6 11. Qc2 Nd7 12. h3 f6 13. Bd3 O-O-O 
14. O-O Kb8 15. Rfc1 c6 16. b4 Bf7 17. Na4 Qxb4 18. Rab1 Qd6 19. Ba6 b6 
20. Nh4 g6 21. Nf3 Rhe8 22. d5 c5 23. Nd2 f5 24. Nc4 Qc7 25. Nc3 Bf8 26. 
Na5 Ne5 27. Nb5 Qd7 28. f4 Nc4 29. Nc6+ Ka8 30. Nbxa7 Na5 31. Nxa5 bxa5 
32. Rb7 Qxb7 33. Bxb7+ Kxb7 34. Qa4 Rxe4 35. Qb5+ 1-0

[Event "Winter Series, S50051"]
[Site "CCLA"]
[Date "2015.01.28"]
[Round "?"]
[White "Howard, Christopher"]
[Black "Perry, William E."]
[Result "1/2-1/2"]
[WhiteElo "1520"]
[BlackElo "1442"]

1. d4 e6 2. c4 d5 3. Nc3 Nf6 4. Bg5 Nbd7 5. c5 c6 6. e3 Be7 7. Nge2 O-O 8.
 Nf4 e5 9. dxe5 Nxe5 10. b4 Ne4 11. Bxe7 Qxe7 12. Nxe4 dxe4 13. Be2 Rd8 
14. Qb3 Kh8 15. O-O Bg4 16. Bxg4 1/2-1/2

[Event "2015 NA Class C Ch - Rd 1 Sect 2, S50101"]
[Site "CCLA"]
[Date "2015.04.27"]
[Round "?"]
[White "Hodgkins, Neil C."]
[Black "Haase, F. Philip"]
[Result "0-1"]
[WhiteElo "1442"]
[BlackElo "1773"]

1. d4 d5 2. c4 e6 3. Nc3 Nf6 4. Bg5 Be7 5. Nf3 h6 6. Bf4 O-O 7. cxd5 Nxd5 
8. Nxd5 Qxd5 9. b3 Nc6 10. e3 Qa5+ 11. Nd2 e5 12. dxe5 Bb4 13. Bc4 Rd8 14.
 e4 Be6 15. Qc2 Bxc4 16. bxc4 Nd4 17. Qb2 Bc3 18. Qc1 Bxa1 19. Qxa1 Nc2+ 
0-1

[Event "2015 REGULAR QUAD, S50379"]
[Site "CCLA"]
[Date "2015.08.20"]
[Round "?"]
[White "Tarrant, Johnny L."]
[Black "Hodgkins, Neil C."]
[Result "0-1"]
[WhiteElo "1154"]
[BlackElo "1433"]

1. d4 Nf6 2. c4 e6 3. Nf3 d5 4. Nc3 Be7 5. Bg5 O-O 6. Qb3 b6 7. Ne5 Nbd7 
8. e4 Nxe5 9. dxe5 Nxe4 10. f4 Bxg5 11. Bd3 Bxf4 12. O-O Nd2 13. Qd1 Nxf1 
14. Bxf1 Bxe5 15. g3 c5 16. cxd5 Bxc3 17. bxc3 Qxd5 18. Qe1 Bb7 19. Qb1 
Qh1+ 0-1

[Event "2015 Server Team Champ - Div 4, S54999"]
[Site "CCLA"]
[Date "2015.10.28"]
[Round "?"]
[White "Sanchez, David A."]
[Black "Lyons, Brenda M."]
[Result "1-0"]
[WhiteElo "1449"]
[BlackElo "1221"]
[Board "5"]
[WhiteTeam "Norsemen"]
[BlackTeam "Pennsylvania Duck Patrol"]

1. d4 d5 2. c4 e6 3. Nc3 Nf6 4. Bg5 Be7 5. e3 Nc6 6. Nf3 O-O 7. cxd5 exd5 
8. Bd3 h6 9. Bh4 Bg4 10. O-O a6 11. Rc1 Nb4 12. Bb1 Ne4 13. Bxe7 Qxe7 14. 
Nxd5 Nxd5 15. Qc2 c6 16. Qxe4 Qxe4 17. Bxe4 Bxf3 18. Bxf3 Rad8 19. Rc4 Nf6
20. b4 Rc8 21. a4 Rfd8 22. Rfc1 b5 23. axb5 axb5 24. Rxc6 Rxc6 25. Rxc6 
Nd5 26. Bxd5 1-0

[Event "Winter Series, S50031"]
[Site "CCLA"]
[Date "2015.01.28"]
[Round "?"]
[White "Jarmuz, Frederick"]
[Black "Lines, Daniel"]
[Result "1-0"]
[WhiteElo "1945"]
[BlackElo "1419"]

1. d4 d5 2. c4 e6 3. Nc3 Nf6 4. Bg5 Be7 5. e3 Nc6 6. Nf3 h6 7. Bh4 O-O 8. 
Bd3 dxc4 9. Bxc4 b6 10. O-O Bb7 11. Rc1 a6 12. Qe2 b5 13. Bd3 Nb4 14. Bb1 
Nfd5 15. Nxd5 Nxd5 16. Bxe7 Nxe7 17. Rc5 Rc8 18. Qc2 f5 19. Ne5 c6 20. Qb3
Qd5 21. Rxd5 exd5 22. Nd7 1-0